MDQL
is popping MORE tags! Check the
thread
!
Quizzes
Events
Quiz Creation
Community
Videos
Private Events
Remove Ads
Sign In
Join for FREE
Feedback
Dark Mode
Quiz Categories
Sports
Geography
Music
Movies
Television
Just For Fun
Miscellaneous
History
Literature
Language
Science
Gaming
Entertainment
Religion
Holiday
For Kids
Quiz Lab
Recent
Popular Today
Quiz Kudos Today
Editor Picks
Curator Picks
Quizzes by...
Day
Popularity
Type
Ratings
Length
Year
Community
Subscriptions
Recent Discussions
Orange Saloon
Badges
Playlists
Quests
Create
Leaderboards
Showdown
Live 5
Trivia Bingo
Activity
Puzzle Library
Sporcle Events
Private Events
Virtual Trivia
Globe League
Become a Host
Pub Owners
SporcleCon
Opinionation
Our Games
Videos
Blog
Mobile Apps
Partnerships
Remove Ads and Go Orange
Feedback
Movies
Disney
Marvel Cinematic Universe
Movie Resume
Movie Titles
Oscar
Actor
Actress
Director
Pixar
Role
Movie Quotes
Movie Characters
Box Office
Nominee
Best Picture
Star Wars
James Bond
Horror Movies
Movies
Disney
Marvel Cinematic Universe
Movie Resume
Movie Titles
Oscar
Actor
Actress
Director
Pixar
Role
Movie Quotes
Movie Characters
Box Office
Nominee
Best Picture
Star Wars
James Bond
Horror Movies
Random Quiz
Search Sporcle
×
Quiz Lab
Quiz Lab
Movies
Quote
Type in answers that appear in a list
Type in answers that appear in a list
Classic
Best Score? Go Orange.
Who Said What (Mean Girls) Stats
Can you name the people who said these quotes from the movie Mean Girls?
By
goshyourestupid
15m
20 Questions
2,880 Plays
2,880 Plays
2,880 Plays
Comments
Comments
Give Quiz Kudos
Give Quiz Kudos
-
- Ratings
hide this ad
Forced Order
Answers have to be entered in order
Answers have to be entered in order
Replay
Link that replays current quiz
Next Quiz
Link to next quiz in quiz playlist
You Got
0%
They Got
Avg Score
90%
Avg Friend Score
Upgrade to see
Score Distribution
Jump to the score distribution portion of the page
Score
0/20
Timer
15:00
0
Plays Today
Quote
Character
% Correct
'I'm sorry that people are so jealous of me, but I can't help it that I'm so popular...'
Gretchen
97.6%
'And that's how Regina George died'
Cady
97.5%
'I can't go to Taco Bell! I'm on an all-
carb diet! GOD Karen you're so stupid!'
Regina
96.9%
'This is Damian, he's almost too gay to function'
Janis
96.6%
'Gretchen, I'm sorry I laughed at you that time you got diarrhea at Barnes & Nobles'
Karen
96.2%
'Theres a 30% chance that its already raining!'
Karen
96.2%
'Irregardless, ex-
boyfriends are just offlimits to friends. I mean, that's just like the rules of feminism'
Gretchen
95.1%
'Oh my God-
Danny DeVito I love your work!'
Damien
95%
'She asked me how to spell orange...'
Damien
94.8%
'Its like I have ESPN or something, my breasts can tell when it's going to rain'
Karen
94.2%
Quote
Character
% Correct
'Glenn Coco? Four for you Glenn Coco! You go Glenn Coco!'
Damien
94.1%
'I have this theory, that if you cut off all her hair, she'd look like a British man'
Cady
93.1%
'Why should Caesar get to stomp around like a giant, while the rest of us try not to get smushed under his big feet?'
Gretchen
92.3%
'Make sure you check out her mom's boob job, they're hard as rocks!'
Gretchen
91.7%
'Don't have sex, because you will get pregnant, and die...'
Coach Carr
91.4%
'Damn, Africa. What happened?'
Kevin
88.6%
'My nanna takes off her wig when she's drunk...'
Damien
84.7%
'Cady, this is your night. Don't let the hataz stop you from doin' ya thang!'
Kevin
83.5%
'Would you like us to assign someone to butter your muffin?'
Jason
73.9%
'Oh hi, did you wanna buy some drugs?'
Ms. Norbury
65.7%
Quiz Playlist
Details
Report
Send in Message
Add To Playlist
Classic:
Type in answers that appear in a list
Forced Order:
Answers have to be entered in order
Last Updated: Feb 16, 2017
Quiz Scoreboard
CHALLENGE
Sign Up to Join the Scoreboard
Show All
Scores
Hide
Comments
May contain spoilers
Recently Published
Holiday 10x10 Sorting Gallery
by lukepisani3
Holiday
15m
Two Season TV Shows II
by 123Four
Television
10m
Image Sorting: Flags VI
by Barbecue
Geography
2m
More to Explore
Quiz From the Vault
Featured Blog Post
14 Easter Pick-up Lines to Find Eggs With
hide this ad
You Might Also Like...
Tags
Quote Quiz
Character
girl
Mean Girls
Today's Top Quizzes in Movies
Browse Movies
hide this ad
Today's Top Quizzes in Quote
Browse Quote
Top Contributed Quizzes in Movies
1
The ultimate James Bond movie quiz
2
Find The 'Big' Movie
3
Find The 'Wild' Movie
4
Find The 'Blue' Movie
5
Movies By Plot
6
Hidden Star Wars Character II
7
25 Best Actor Nominees (1990s)
8
Hidden Star Wars Character III
9
😉 2024 Oscar Nominees by Emoji
10
Hidden Star Wars Character IV
Explore More
Trending Topics
Marvel
NBA
Kpop
Disney
Crossword
Anime
Harry Potter
Song
The Office
NFL
Country
Pokémon
Puzzle
WWE
Soccer
hide this ad
More By:
goshyourestupid
Quiz
Plays
Rating
Category
Featured
Created
Who Said What (Mean Girls)
2,880
4.25
Movies
Feb 19, 2010
Miley Cyrus Songs
746
Music
Apr 6, 2010
Lyrics to Empire State of Mind
545
2.57
Music
Feb 6, 2010
Can you name Billboards Top Radio Songs?
152
Music
Jan 29, 2010
Go to Creator's Profile
Score Distribution
Quiz Creator Spotlight
goshyourestupid
Follow
Send a Message
Quizzes Created
-
Created Quiz Play Count
-
More By This Creator
Popular Quizzes Today
1
Find the US States - No Outlines Minefield
2
Colored Red Africa Blitz
3
Find the 'City' Movie
4
The Countries of the World
5
Find the US States
6
5x2 Blitz: Bands
7
Find the Countries of Europe - No Outlines Minefield
8
US States
More Movies Quizzes
Movie by Difficulty XVII
Published
Trending Quizzes
Colored Red Europe Blitz I
Colored Red Europe Blitz II
Colored Red Africa Blitz II
Colored Red Europe Blitz III
Colored Red Africa Blitz III
Recently Updated
Odd Team Out - Big 4 Players
pecheneg
Quick Pick: 20 Twenties
pecheneg
March Madness Men's Triple Doubles
pecheneg
How Do You Spell That?
pecheneg
Godzilla Movies
pecheneg
Grab Bag: 4-10 Letters
pecheneg
2024 March Madness Bracket
pecheneg
Famous TV Couples
Peacemaker
Champions League XIs: Real Madrid
pecheneg
Largest US Cities 1790-2010
pecheneg
Trending Topics
Disney
Harry Potter
Kpop
NBA
Crossword
Marvel
Anime
Pokémon
The Office
Song
NFL
Puzzle
WWE
Country
Soccer
Your Account Isn't Verified!
In order to create a playlist on Sporcle, you need to verify the email address you used during registration. Go to your
Sporcle Settings
to finish the process.
Report this User
Report this user for behavior that violates our
Community Guidelines
.
Details:
Send Report
Go to the Sporcle.com Mobile Site →
Comments